UM Logo

The essentials of political analysis / (Record no. 17368)

MARC details
000 -LEADER
fixed length control field 00653nam a2200181 4500
008 - FIXED-LENGTH DATA ELEMENTS--GENERAL INFORMATION
fixed length control field 221003b ||||| |||| 00| 0 eng d
020 ## - INTERNATIONAL STANDARD BOOK NUMBER
International Standard Book Number 9781506379616
082 ## - DEWEY DECIMAL CLASSIFICATION NUMBER
Edition number 2020
Classification number DC 320.072
Item number P765
100 ## - MAIN ENTRY--PERSONAL NAME
Personal name Pollock, Phillip H., III
9 (RLIN) 46219
245 ## - TITLE STATEMENT
Title The essentials of political analysis /
Statement of responsibility, etc. Phillip H. Pollock III and Barry C. Edwards.
250 ## - EDITION STATEMENT
Edition statement Sixth edition.
260 ## - PUBLICATION, DISTRIBUTION, ETC. (IMPRINT)
Place of publication, distribution, etc. California :
Name of publisher, distributor, etc. Sage,
Date of publication, distribution, etc. ©2020.
300 ## - PHYSICAL DESCRIPTION
Extent xxvi, 342 pages :
Other physical details illustrations ;
Dimensions 25 cm.
500 ## - GENERAL NOTE
General note Includes index.<br/>
650 ## - SUBJECT ADDED ENTRY--TOPICAL TERM
Topical term or geographic name as entry element Political science
General subdivision Research
-- Methodology
-- Textbooks.
9 (RLIN) 18141
700 ## - ADDED ENTRY--PERSONAL NAME
Personal name Edwards, Barry C.
Relator term author.
9 (RLIN) 46220
942 ## - ADDED ENTRY ELEMENTS (KOHA)
Source of classification or shelving scheme Dewey Decimal Classification
Koha item type Circulation
Holdings
Withdrawn status Lost status Source of classification or shelving scheme Damaged status Not for loan Collection code Home library Current library Shelving location Date acquired Source of acquisition Cost, normal purchase price Total Checkouts Full call number Barcode Date last seen Date last checked out Copy number Price effective from Koha item type
    Dewey Decimal Classification     Circulation UM Digos College - LIC UM Digos College - LIC Book Cart 08/16/2022 Purchased 8820.00 14 DC 320.072 P765 2020 26774 02/13/2026 02/06/2026 1 10/03/2022 Circulation